000 00383nam a22001697a 4500
003 SGT
020 _a978-81-284-3342-5
082 _a658.40
_bO15M
100 _aMUSTAFI, C.K.
245 _aOPRATIONS RESEARCH.
250 _a4TH
260 _aNEW DELHI
_bNEW AGE INTERNATIONAL
_c2015
300 _a450
650 _aRESEARCH
653 _aOPRATION, RESEARCH
942 _2ddc
_cBK
_01
999 _c22314
_d22314